Three Letter Acronyms #1 - Statistics

General Stats
  • This quiz has been taken 67,508 times
    48,796 since last reset
  • The average score is 14 of 24
Answer Stats
Hint Answer % Correct
Raw material for genes DNA
93%
Colonel Sanders's restaurant KFC
86%
USSR spy organization KGB
86%
Munich automaker BMW
84%
Phase of sleep where dreams are most vivid REM
82%
Dubai, Abu Dhabi, etc... UAE
82%
Psychedelic drug LSD
81%
Conservation group whose logo is a panda WWF
73%
What George accused Saddam of having WMD
62%
JFK's successor LBJ
61%
Former militant arm of Sinn Féin IRA
55%
Australia's most populous state NSW
53%
U.S. Republican party GOP
51%
Computer company known as "Big Blue" IBM
48%
Sixth sense ESP
46%
1980s TV alien ALF
45%
Socialized medical service of the UK NHS
45%
National airline of the Netherlands KLM
44%
"You've got mail!" AOL
40%
Notable Mormon university BYU
40%
Red China PRC
39%
Just add this for delicious umami taste MSG
37%
British dictionary with 22,000 pages OED
30%
Beer brand that hipsters like ironically PBR
24%
No matching quizzes found
Score Distribution
Percent of People with Each Score
Percentile by Number Answered
Your Score History
You have not taken this quiz since the last reset